000 00848nas a2200277 4500
001 BR0304059
003 BR-BrBNA
005 20231205104007.0
007 ta
008 230509b bl.|||p| |||| 00| 00por d
040 _aBR-BrBNA
_bpor
_cBiblioteca Nacional de Agricultura
041 _a(En)
072 _aF04; F06
100 1 _aFernandes, A.L.T.
100 1 _aRodrigues, G.P.
100 1 _aTestezlaf, R.
245 1 _aMineral and organomineral fertirrigation in relation to quality of greenhouse cultivated melon
650 _aMELÃO
650 _aFERTIRRIGAÇÃO
650 _aPRODUÇÃO VEGETAL
650 _aESTUFA
650 _aCONTROLE DE QUALIDADE
773 0 _tScientia Agrícola (Brazil)
_xISSN 0103-9016
_g(Jan-Mar 2003), v. 60(1) p. 149-154
_wBR0304059
909 _a202311
_bLúcia
_c55
_dLúcia Elande
942 _2AGRIS
_n0
_cANA
999 _c175844
_d175844